000 00945am a2200301a 44500
003 AR-BaBNM
005 20251128210713.0
008 091020s2000 #AR|||||||||||000 | esp||
020 _a987-9191-89-7
040 _cAR-BaBNM
100 1 _aBressan, Ana María
245 1 0 _aRazones para enseñar geometría en la educación básica
_bmirar, construir, decir y pensar...
260 _aBuenos Aires
_bEdiciones Novedades Educativas
_c2000
300 _a128 p.
_btablas, il., gráfs.
490 0 _aRecursos didácticos
504 _aContiene referencias bibliográficas p. 127-128
650 4 _aENSEÑANZA DE LAS MATEMATICAS
650 4 _aGEOMETRIA
650 4 _aCONCEPTOS GEOMETRICOS
650 4 _aACTIVIDADES DE APRENDIZAJE
650 4 _aJUEGOS EDUCATIVOS
653 _aEDUCACION GENERAL BASICA
653 _aESTRATEGIAS DIDACTICAS
700 1 _aBogisic, Beatriz
700 1 _aCrego, Karina
942 _cBK
998 _cRAQUEL
999 _c16522
_d16522